| 000 | 02009cam a2200493 i 4500 | ||
|---|---|---|---|
| 001 | 2955 | ||
| 003 | FISKH | ||
| 005 | 20240125110938.0 | ||
| 008 | 160912t20172017nyu j 000 1 eng c | ||
| 010 | _a 2016037797 | ||
| 020 | _a9781338053920 (hardcover) | ||
| 020 | _a9781338169973 | ||
| 040 |
_aNJQ/DLC _beng _cNJQ _erda _dDLC |
||
| 042 |
_alcac _apcc |
||
| 050 | 0 | 0 |
_aPZ7.1.T468 _bGo 2017 |
| 082 | 0 | 4 |
_a823.92 _aFic _223 |
| 100 | 1 |
_aThompson, Lisa _q(Lisa Anne), _d1973- |
|
| 245 | 1 | 4 |
_aThe goldfish boy / _cLisa Thompson. |
| 260 |
_aNew York : _bScholastic, _c2017. |
||
| 300 |
_a313 pages ; _c20 cm |
||
| 336 |
_atext _2rdacontent |
||
| 337 |
_aunmediated _2rdamedia |
||
| 338 |
_avolume _2rdacarrier |
||
| 520 | _aEmotionally crippled by his obsessive-compulsive disorder, teenager Matthew Corbin rarely leaves his room on a cul-de-sac in London, and he passes the day observing and writing down his neighbors doings from his window--but when a toddler staying next door disappears Matt is the key to solving a mystery and possibly saving a child's life...if he can manage to expose himself, and his secret guilt to the outside world. | ||
| 650 | 0 |
_aMissing children _vJuvenile fiction. |
|
| 650 | 0 |
_aObsessive-compulsive disorder _vJuvenile fiction. |
|
| 650 | 0 |
_aGuilt _vJuvenile fiction. |
|
| 650 | 0 |
_aFamilies _vJuvenile fiction. |
|
| 650 | 0 |
_aNeighbors _vJuvenile fiction. |
|
| 650 | 0 | _aDetective and mystery stories. | |
| 650 | 1 | _aMystery and detective stories. | |
| 650 | 1 |
_aMissing children _vFiction. |
|
| 650 | 1 |
_aObsessive-compulsive disorder _vFiction. |
|
| 650 | 1 |
_aGuilt _vFiction. |
|
| 650 | 1 |
_aFamily life _zEngland _zLondon _vFiction. |
|
| 650 | 1 |
_aNeighbors _vFiction. |
|
| 651 | 0 |
_aLondon (England) _vJuvenile fiction. |
|
| 651 | 1 |
_aLondon (England) _vFiction. |
|
| 651 | 1 |
_aEngland _vFiction. |
|
| 655 | 7 |
_aMystery fiction. _2gsafd |
|
| 655 | 7 |
_aDetective and mystery fiction. _2lcgft |
|
| 906 |
_a7 _bcbc _corignew _d1 _eecip _f20 _gy-gencatlg |
||
| 942 |
_2ddc _cBK _n0 |
||
| 999 |
_c2955 _d2955 |
||